000 00251nam a22001097a 4500
999 _c166696
_d166696
082 _a
_b
100 _aManglesh Dabral
245 _aPhar per laltain/
_cby Manglesh Dabral.
260 _aNew Delhi:
_bRadhakrishna,
_c2009.
650 _a
942 _cBK